00725cam a22002651 4500001001300000003000400013005001700017008004100034010001700075035002000092040001800112042001200130043001200142050001600154100002400170245006600194260001100260300002200271500001400293504002900307650002700336700003000363740004900393999001700442sa 65005517 DLC20260227112138.0890908s1964 ii b 000 0 hino  asa 65005517  a(OCoLC)20316785 aDLCcWaUdDLC apremarc aa-ii---00aHE271b.N231 aNagar, Vishnu Datt.10aBhāratīya parivahana kī samasyāem̐ aura siddhānta. c[1964] a8, 402 p.c22 cm. aIn Hindi. aIncludes bibliographies. 0aTransportationzIndia.1 aGuptā, Rāmapratāpa.0 aPrinciples and problems of Indian transport. c64374d64374